000 00332nam a2200145Ia 4500
100 _aVahid/Frank/ Givargis/Tony
942 _cBK
366 _f15
654 _aembedded
245 _aEmbedded system design:A unified Hardware/Software
260 _bJohn Wiley
_c2002
082 _a3.3
_bVAH
300 _a324
546 _aENGLISH
999 _c30260
_d30260